| 000 | 00547nam a22001817a 4500 | ||
|---|---|---|---|
| 005 | 20230617024822.0 | ||
| 008 | 230118b |||||||| |||| 00| 0 eng d | ||
| 020 | _a978-981-462-465-7 | ||
| 082 | _a512.5 L334 2014 | ||
| 100 |
_aLarson, Ron _eauthor |
||
| 245 |
_aElementary linear algebra / _cRon Larson |
||
| 250 | _a7th ed. | ||
| 260 |
_aSingapore: _bCengage Learning Asia, _cc2014. |
||
| 300 |
_axiv, [434]p.: _bill. |
||
| 504 | _aIncludes bibliographical index | ||
| 541 | _e4802 c.1, 4803 c.2, 4804 c.3, 5061 c.4 | ||
| 650 | _aLinear algebra | ||
| 999 |
_c573 _d573 |
||